| 000 | 00352nam a2200133Ia 4500 | ||
|---|---|---|---|
| 008 | 231017s9999 xx 000 0 und d | ||
| 082 | _a620.136 | ||
| 082 | _bNAW | ||
| 245 | 0 | _aCircular No E-C103: Concrete the Sustainable Infrastructure Material for the 21st Century - Sep 2006 | |
| 245 | 0 | _cTRB | |
| 260 | _bTRB | ||
| 300 | _c30cm | ||
| 942 | _cREP | ||
| 999 |
_c603958 _d603958 |
||